[Event "DVM U16w 2023"]
[Site "Magdeburg GER"]
[Date "2023.12.27"]
[Round "2"]
[White "Leuchsenring, Delia"]
[Black "Brandt, Clara"]
[Result "1/2-1/2"]
[Termination "normal"]
[Board "2.3"]
[WhiteElo "1097"]
[BlackElo "1267"]
[WhiteClock "00:06:17"]
[BlackClock "00:05:46"]
[WhiteTeam "ATSV Oberkotzau"]
[BlackTeam "SG Porz"]
[PlyCount "64"]
[WhiteFideId "34605304"]
[BlackFideId "34614737"]
[EventCountry "GER"]
[EventRounds "7"]
[EventType "team-swiss"]
[EventDate "2023.12.26"]

1. e4 {[%clk 01:30:58]} {[%emt 00:00:02]} c6 {[%clk 01:30:55]} {[%emt
00:00:06]} 2. d4 {[%clk 01:31:09]} {[%emt 00:00:19]} d5 {[%clk 01:31:19]}
{[%emt 00:00:05]} 3. exd5 {[%clk 01:31:17]} {[%emt 00:00:23]} cxd5 {[%clk
01:31:42]} {[%emt 00:00:07]} 4. Nf3 {[%clk 01:31:17]} {[%emt 00:00:30]} Bg4
{[%clk 01:32:04]} {[%emt 00:00:07]} 5. Bd3 {[%clk 01:30:51]} {[%emt 00:00:57]}
Nc6 {[%clk 01:32:02]} {[%emt 00:00:31]} 6. c3 {[%clk 01:30:07]} {[%emt
00:01:14]} e6 {[%clk 01:32:05]} {[%emt 00:00:27]} 7. O-O {[%clk 01:30:07]}
{[%emt 00:00:30]} Nf6 {[%clk 01:32:19]} {[%emt 00:00:16]} 8. Nbd2 {[%clk
01:28:42]} {[%emt 00:01:55]} Bd6 {[%clk 01:30:49]} {[%emt 00:01:59]} 9. h3
{[%clk 01:27:28]} {[%emt 00:01:46]} Bh5 {[%clk 01:30:11]} {[%emt 00:01:07]} 10.
Re1 {[%clk 01:26:46]} {[%emt 00:01:12]} O-O {[%clk 01:29:18]} {[%emt 00:01:22]}
11. Qc2 {[%clk 01:25:59]} {[%emt 00:01:18]} Re8 {[%clk 01:21:40]} {[%emt
00:08:07]} 12. Ne5 {[%clk 01:24:57]} {[%emt 00:01:33]} Bg6 {[%clk 01:15:12]}
{[%emt 00:06:57]} 13. Nxg6 {[%clk 01:23:28]} {[%emt 00:02:00]} hxg6 {[%clk
01:11:31]} {[%emt 00:04:11]} 14. Nf3 {[%clk 01:22:51]} {[%emt 00:01:07]} e5
{[%clk 01:06:54]} {[%emt 00:05:07]} 15. dxe5 {[%clk 01:20:20]} {[%emt
00:03:01]} Nxe5 {[%clk 01:06:37]} {[%emt 00:00:47]} 16. Nxe5 {[%clk 01:18:44]}
{[%emt 00:02:07]} Bxe5 {[%clk 01:06:07]} {[%emt 00:00:59]} 17. Bg5 {[%clk
01:10:36]} {[%emt 00:08:38]} a6 {[%clk 00:54:20]} {[%emt 00:12:16]} 18. Rad1
{[%clk 01:08:21]} {[%emt 00:02:46]} Qc7 {[%clk 00:49:43]} {[%emt 00:05:05]} 19.
Re2 {[%clk 00:54:32]} {[%emt 00:14:21]} Nh7 {[%clk 00:32:51]} {[%emt 00:17:23]}
20. Be3 {[%clk 00:52:08]} {[%emt 00:02:53]} Rad8 {[%clk 00:30:58]} {[%emt
00:02:22]} 21. Rde1 {[%clk 00:44:47]} {[%emt 00:07:52]} Qc6 {[%clk 00:23:53]}
{[%emt 00:07:33]} 22. Bd2 {[%clk 00:32:38]} {[%emt 00:12:41]} Bc7 {[%clk
00:19:05]} {[%emt 00:05:16]} 23. Rxe8+ {[%clk 00:28:46]} {[%emt 00:04:24]} Rxe8
{[%clk 00:19:25]} {[%emt 00:00:11]} 24. Rxe8+ {[%clk 00:27:22]} {[%emt
00:01:53]} Qxe8 {[%clk 00:19:47]} {[%emt 00:00:07]} 25. Be3 {[%clk 00:26:27]}
{[%emt 00:01:26]} Nf6 {[%clk 00:17:40]} {[%emt 00:02:37]} 26. Qb3 {[%clk
00:22:59]} {[%emt 00:03:59]} b5 {[%clk 00:13:25]} {[%emt 00:04:43]} 27. Kf1
{[%clk 00:22:01]} {[%emt 00:01:10]} Qe6 {[%clk 00:11:02]} {[%emt 00:02:52]} 28.
Bd4 {[%clk 00:20:34]} {[%emt 00:01:59]} Ne4 {[%clk 00:09:13]} {[%emt 00:02:17]}
29. Qd1 {[%clk 00:17:06]} {[%emt 00:03:59]} Bb6 {[%clk 00:07:18]} {[%emt
00:02:24]} 30. Bxe4 {[%clk 00:13:30]} {[%emt 00:04:06]} dxe4 {[%clk 00:07:02]}
{[%emt 00:00:46]} 31. Bxb6 {[%clk 00:06:11]} {[%emt 00:07:49]} Qxb6 {[%clk
00:07:24]} {[%emt 00:00:08]} 32. Qd5 {[%clk 00:06:17]} {[%emt 00:00:24]} Qa5
{[%clk 00:05:46]} {[%emt 00:02:08]} *

[Event "DVM U16w 2023"]
[Site "Magdeburg GER"]
[Date "2023.12.27"]
[Round "2"]
[White "Siegel, Irene"]
[Black "Köppel, Clementine"]
[Result "1-0"]
[Termination "normal"]
[Board "2.4"]
[WhiteElo "1313"]
[BlackElo "1267"]
[WhiteClock "00:40:05"]
[BlackClock "00:19:31"]
[WhiteTeam "SG Porz"]
[BlackTeam "ATSV Oberkotzau"]
[PlyCount "63"]
[WhiteFideId "16284380"]
[BlackFideId "34605819"]
[EventCountry "GER"]
[EventRounds "7"]
[EventType "team-swiss"]
[EventDate "2023.12.26"]

1. e4 {[%clk 01:30:56]} {[%emt 00:00:03]} e5 {[%clk 01:30:51]} {[%emt
00:00:10]} 2. Nf3 {[%clk 01:31:16]} {[%emt 00:00:10]} Nf6 {[%clk 01:31:13]}
{[%emt 00:00:09]} 3. Nc3 {[%clk 01:31:32]} {[%emt 00:00:14]} Nc6 {[%clk
01:31:32]} {[%emt 00:00:10]} 4. d4 {[%clk 01:31:50]} {[%emt 00:00:11]} exd4
{[%clk 01:31:37]} {[%emt 00:00:26]} 5. Nxd4 {[%clk 01:32:11]} {[%emt 00:00:09]}
Bb4 {[%clk 01:30:25]} {[%emt 00:01:43]} 6. Nxc6 {[%clk 01:31:50]} {[%emt
00:00:50]} bxc6 {[%clk 01:29:49]} {[%emt 00:01:06]} 7. Bd3 {[%clk 01:32:09]}
{[%emt 00:00:11]} d6 {[%clk 01:27:10]} {[%emt 00:03:09]} 8. O-O {[%clk
01:31:55]} {[%emt 00:00:44]} O-O {[%clk 01:27:07]} {[%emt 00:00:33]} 9. Bg5
{[%clk 01:30:56]} {[%emt 00:01:27]} Re8 {[%clk 01:22:39]} {[%emt 00:05:00]} 10.
a3 {[%clk 01:24:38]} {[%emt 00:06:48]} Bxc3 {[%clk 01:21:44]} {[%emt 00:01:25]}
11. bxc3 {[%clk 01:24:57]} {[%emt 00:00:12]} Re6 {[%clk 01:18:22]} {[%emt
00:03:51]} 12. f4 {[%clk 01:20:51]} {[%emt 00:04:35]} Qe8 {[%clk 01:11:59]}
{[%emt 00:06:54]} 13. f5 {[%clk 01:17:30]} {[%emt 00:03:51]} Rxe4 {[%clk
01:02:03]} {[%emt 00:10:27]} 14. Bxf6 {[%clk 01:11:43]} {[%emt 00:06:16]} gxf6
{[%clk 01:02:18]} {[%emt 00:00:15]} 15. Bxe4 {[%clk 01:12:05]} {[%emt
00:00:08]} Qxe4 {[%clk 01:02:23]} {[%emt 00:00:25]} 16. Qh5 {[%clk 00:51:01]}
{[%emt 00:21:34]} Qe3+ {[%clk 00:53:43]} {[%emt 00:09:09]} 17. Kh1 {[%clk
00:51:13]} {[%emt 00:00:18]} Qxc3 {[%clk 00:53:02]} {[%emt 00:01:11]} 18. Rae1
{[%clk 00:50:36]} {[%emt 00:00:43]} Ba6 {[%clk 00:52:50]} {[%emt 00:01:08]} 19.
Rg1 {[%clk 00:50:05]} {[%emt 00:01:00]} Rf8 {[%clk 00:48:00]} {[%emt 00:05:19]}
20. Re4 {[%clk 00:48:40]} {[%emt 00:01:48]} Rc8 {[%clk 00:47:19]} {[%emt
00:01:18]} 21. Rg4+ {[%clk 00:47:09]} {[%emt 00:02:00]} Kf8 {[%clk 00:46:53]}
{[%emt 00:00:58]} 22. Qxh7 {[%clk 00:47:11]} {[%emt 00:00:27]} d5 {[%clk
00:40:49]} {[%emt 00:06:34]} 23. Rg7 {[%clk 00:45:23]} {[%emt 00:02:18]} Ke7
{[%clk 00:39:51]} {[%emt 00:01:29]} 24. Rxf7+ {[%clk 00:44:57]} {[%emt
00:00:55]} Kd6 {[%clk 00:39:58]} {[%emt 00:00:24]} 25. Rd7+ {[%clk 00:40:19]}
{[%emt 00:05:07]} Kc5 {[%clk 00:29:59]} {[%emt 00:10:29]} 26. Qe7+ {[%clk
00:40:08]} {[%emt 00:00:41]} Kc4 {[%clk 00:25:07]} {[%emt 00:05:23]} 27. Qe2+
{[%clk 00:39:52]} {[%emt 00:00:43]} Kc5 {[%clk 00:24:29]} {[%emt 00:01:12]} 28.
Qxa6 {[%clk 00:40:05]} {[%emt 00:00:17]} Re8 {[%clk 00:23:36]} {[%emt
00:01:22]} 29. Qxa7+ {[%clk 00:39:40]} {[%emt 00:00:55]} Kc4 {[%clk 00:21:44]}
{[%emt 00:02:22]} 30. Rxc7 {[%clk 00:39:43]} {[%emt 00:00:27]} Kb5 {[%clk
00:20:07]} {[%emt 00:02:07]} 31. Rb1+ {[%clk 00:39:50]} {[%emt 00:00:22]} Kc4
{[%clk 00:19:31]} {[%emt 00:01:06]} 32. Rxc6# {[%clk 00:40:05]} {[%emt
00:00:11]} 1-0

[Event "DVM U16w 2023"]
[Site "Magdeburg GER"]
[Date "2023.12.27"]
[Round "2"]
[White "Wartenberg, Alissa"]
[Black "Prokscha, Charlotte"]
[Result "1-0"]
[Termination "normal"]
[Board "3.1"]
[WhiteElo "1721"]
[BlackElo "1341"]
[WhiteClock "01:07:06"]
[BlackClock "00:25:38"]
[WhiteTeam "Hamburger SK 1830"]
[BlackTeam "SC Garching 1980"]
[PlyCount "67"]
[WhiteFideId "16280741"]
[BlackFideId "34614699"]
[EventCountry "GER"]
[EventRounds "7"]
[EventType "team-swiss"]
[EventDate "2023.12.26"]

1. e4 {[%clk 01:30:57]} {[%emt 00:00:02]} c5 {[%clk 01:30:50]} {[%emt
00:00:10]} 2. Nf3 {[%clk 01:31:25]} {[%emt 00:00:03]} Nc6 {[%clk 01:31:12]}
{[%emt 00:00:08]} 3. d4 {[%clk 01:31:52]} {[%emt 00:00:03]} cxd4 {[%clk
01:31:32]} {[%emt 00:00:09]} 4. Nxd4 {[%clk 01:32:17]} {[%emt 00:00:05]} e5
{[%clk 01:31:45]} {[%emt 00:00:17]} 5. Nb5 {[%clk 01:32:42]} {[%emt 00:00:05]}
d6 {[%clk 01:32:03]} {[%emt 00:00:13]} 6. N1c3 {[%clk 01:33:00]} {[%emt
00:00:12]} a6 {[%clk 01:32:21]} {[%emt 00:00:12]} 7. Na3 {[%clk 01:33:28]}
{[%emt 00:00:02]} Be7 {[%clk 01:32:39]} {[%emt 00:00:11]} 8. Be2 {[%clk
01:32:03]} {[%emt 00:01:55]} Nf6 {[%clk 01:32:47]} {[%emt 00:00:22]} 9. Bg5
{[%clk 01:32:25]} {[%emt 00:00:08]} Nd4 {[%clk 01:28:40]} {[%emt 00:04:38]} 10.
Bxf6 {[%clk 01:32:41]} {[%emt 00:00:14]} Bxf6 {[%clk 01:28:54]} {[%emt
00:00:15]} 11. Nd5 {[%clk 01:33:04]} {[%emt 00:00:07]} b5 {[%clk 01:25:55]}
{[%emt 00:03:30]} 12. c3 {[%clk 01:33:03]} {[%emt 00:00:31]} Nxe2 {[%clk
01:24:20]} {[%emt 00:02:05]} 13. Qxe2 {[%clk 01:33:22]} {[%emt 00:00:11]} Bd7
{[%clk 01:21:51]} {[%emt 00:02:58]} 14. Nc2 {[%clk 01:33:43]} {[%emt 00:00:09]}
O-O {[%clk 01:21:49]} {[%emt 00:00:32]} 15. Nce3 {[%clk 01:33:54]} {[%emt
00:00:20]} Be6 {[%clk 01:20:15]} {[%emt 00:02:03]} 16. Rd1 {[%clk 01:33:51]}
{[%emt 00:00:33]} Bg5 {[%clk 01:17:54]} {[%emt 00:02:50]} 17. O-O {[%clk
01:34:09]} {[%emt 00:00:13]} Rc8 {[%clk 01:15:40]} {[%emt 00:02:43]} 18. Qf3
{[%clk 01:33:51]} {[%emt 00:00:49]} Bxe3 {[%clk 01:14:28]} {[%emt 00:01:42]}
19. Qxe3 {[%clk 01:33:40]} {[%emt 00:00:42]} Bxd5 {[%clk 01:08:04]} {[%emt
00:06:53]} 20. Rxd5 {[%clk 01:34:03]} {[%emt 00:00:07]} Rc6 {[%clk 01:03:48]}
{[%emt 00:04:46]} 21. Rfd1 {[%clk 01:32:15]} {[%emt 00:02:18]} Qe7 {[%clk
01:02:16]} {[%emt 00:02:03]} 22. R1d3 {[%clk 01:31:43]} {[%emt 00:01:02]} h6
{[%clk 01:00:47]} {[%emt 00:01:59]} 23. Qd2 {[%clk 01:31:19]} {[%emt 00:00:54]}
Rd8 {[%clk 01:00:40]} {[%emt 00:00:36]} 24. Rg3 {[%clk 01:31:32]} {[%emt
00:00:17]} Kh8 {[%clk 00:57:31]} {[%emt 00:03:39]} 25. Qe2 {[%clk 01:27:03]}
{[%emt 00:04:59]} Qf6 {[%clk 00:48:57]} {[%emt 00:09:04]} 26. Rdd3 {[%clk
01:25:02]} {[%emt 00:02:31]} Rg8 {[%clk 00:47:13]} {[%emt 00:02:14]} 27. Qh5
{[%clk 01:24:47]} {[%emt 00:00:45]} Qe6 {[%clk 00:46:23]} {[%emt 00:01:20]} 28.
a3 {[%clk 01:23:39]} {[%emt 00:01:38]} Rc7 {[%clk 00:44:21]} {[%emt 00:02:31]}
29. Qh4 {[%clk 01:20:54]} {[%emt 00:03:16]} Kh7 {[%clk 00:39:16]} {[%emt
00:05:35]} 30. Rh3 {[%clk 01:14:04]} {[%emt 00:07:20]} Qa2 {[%clk 00:37:07]}
{[%emt 00:02:39]} 31. g4 {[%clk 01:10:21]} {[%emt 00:04:13]} Qe6 {[%clk
00:31:30]} {[%emt 00:06:07]} 32. g5 {[%clk 01:09:15]} {[%emt 00:01:36]} Rcc8
{[%clk 00:26:46]} {[%emt 00:05:14]} 33. Rdf3 {[%clk 01:07:23]} {[%emt
00:02:22]} Rcf8 {[%clk 00:25:38]} {[%emt 00:01:38]} 34. Rf6 {[%clk 01:07:06]}
{[%emt 00:00:47]} 1-0

[Event "DVM U16w 2023"]
[Site "Magdeburg GER"]
[Date "2023.12.27"]
[Round "2"]
[White "Krasikova, Milana"]
[Black "Huber, Laura"]
[Result "0-1"]
[Termination "normal"]
[Board "3.3"]
[WhiteElo "1290"]
[BlackElo "1417"]
[WhiteClock "00:13:06"]
[BlackClock "00:27:13"]
[WhiteTeam "Hamburger SK 1830"]
[BlackTeam "SC Garching 1980"]
[PlyCount "76"]
[WhiteFideId "16287347"]
[BlackFideId "16270940"]
[EventCountry "GER"]
[EventRounds "7"]
[EventType "team-swiss"]
[EventDate "2023.12.26"]

1. e4 {[%clk 01:30:58]} {[%emt 00:00:01]} c6 {[%clk 01:30:57]} {[%emt
00:00:05]} 2. d4 {[%clk 01:31:17]} {[%emt 00:00:09]} d5 {[%clk 01:31:21]}
{[%emt 00:00:06]} 3. f3 {[%clk 01:31:34]} {[%emt 00:00:13]} e6 {[%clk
01:30:34]} {[%emt 00:01:17]} 4. Nc3 {[%clk 01:31:28]} {[%emt 00:00:36]} Bd6
{[%clk 01:30:06]} {[%emt 00:00:58]} 5. Bd3 {[%clk 01:30:16]} {[%emt 00:01:42]}
Qh4+ {[%clk 01:29:05]} {[%emt 00:01:31]} 6. Kf1 {[%clk 01:28:25]} {[%emt
00:02:20]} Qd8 {[%clk 01:26:03]} {[%emt 00:03:33]} 7. Nge2 {[%clk 01:24:03]}
{[%emt 00:04:52]} Ne7 {[%clk 01:23:32]} {[%emt 00:03:02]} 8. Be3 {[%clk
01:12:54]} {[%emt 00:11:38]} Nd7 {[%clk 01:23:14]} {[%emt 00:00:48]} 9. Ng3
{[%clk 01:05:47]} {[%emt 00:07:38]} Ng6 {[%clk 01:11:37]} {[%emt 00:12:07]} 10.
Qd2 {[%clk 01:01:16]} {[%emt 00:05:01]} O-O {[%clk 01:07:12]} {[%emt 00:04:55]}
11. Re1 {[%clk 00:57:41]} {[%emt 00:04:04]} Be7 {[%clk 01:02:15]} {[%emt
00:05:28]} 12. f4 {[%clk 00:52:43]} {[%emt 00:05:27]} c5 {[%clk 00:57:14]}
{[%emt 00:05:31]} 13. exd5 {[%clk 00:51:13]} {[%emt 00:02:00]} cxd4 {[%clk
00:56:36]} {[%emt 00:01:08]} 14. Bxd4 {[%clk 00:50:57]} {[%emt 00:00:46]} Nb8
{[%clk 00:54:28]} {[%emt 00:02:38]} 15. Bxg6 {[%clk 00:40:36]} {[%emt
00:10:52]} hxg6 {[%clk 00:54:30]} {[%emt 00:00:27]} 16. dxe6 {[%clk 00:39:31]}
{[%emt 00:01:35]} Bxe6 {[%clk 00:54:40]} {[%emt 00:00:20]} 17. Qe3 {[%clk
00:34:42]} {[%emt 00:05:18]} Nc6 {[%clk 00:54:13]} {[%emt 00:00:58]} 18. Rd1
{[%clk 00:27:07]} {[%emt 00:08:05]} Qc7 {[%clk 00:50:49]} {[%emt 00:03:54]} 19.
Kf2 {[%clk 00:23:22]} {[%emt 00:04:16]} Nxd4 {[%clk 00:50:08]} {[%emt
00:01:10]} 20. Rxd4 {[%clk 00:21:29]} {[%emt 00:02:23]} Bc5 {[%clk 00:49:00]}
{[%emt 00:01:37]} 21. Rhd1 {[%clk 00:15:14]} {[%emt 00:06:45]} Rad8 {[%clk
00:41:43]} {[%emt 00:07:47]} 22. Kf1 {[%clk 00:13:54]} {[%emt 00:01:51]} Bxd4
{[%clk 00:40:22]} {[%emt 00:01:51]} 23. Rxd4 {[%clk 00:13:47]} {[%emt
00:00:36]} Rxd4 {[%clk 00:40:31]} {[%emt 00:00:22]} 24. Qxd4 {[%clk 00:14:09]}
{[%emt 00:00:08]} Qc4+ {[%clk 00:39:45]} {[%emt 00:01:16]} 25. Qxc4 {[%clk
00:13:24]} {[%emt 00:01:15]} Bxc4+ {[%clk 00:40:14]} 26. Nge2 {[%clk 00:13:43]}
{[%emt 00:00:12]} Re8 {[%clk 00:40:21]} {[%emt 00:00:24]} 27. a3 {[%clk
00:13:47]} {[%emt 00:00:25]} Re6 {[%clk 00:39:46]} {[%emt 00:01:04]} 28. g3
{[%clk 00:13:47]} {[%emt 00:00:30]} Rd6 {[%clk 00:37:17]} {[%emt 00:02:59]} 29.
Ke1 {[%clk 00:13:52]} {[%emt 00:00:26]} Be6 {[%clk 00:35:08]} {[%emt 00:02:39]}
30. Nb5 {[%clk 00:13:49]} {[%emt 00:00:33]} Rb6 {[%clk 00:32:56]} {[%emt
00:02:43]} 31. Nxa7 {[%clk 00:12:49]} {[%emt 00:01:28]} Rxb2 {[%clk 00:33:03]}
{[%emt 00:00:24]} 32. Nd4 {[%clk 00:12:59]} {[%emt 00:00:20]} Bd7 {[%clk
00:31:38]} {[%emt 00:01:55]} 33. a4 {[%clk 00:12:43]} {[%emt 00:00:47]} Bxa4
{[%clk 00:30:59]} {[%emt 00:01:09]} 34. Nc8 {[%clk 00:12:50]} {[%emt 00:00:23]}
Bxc2 {[%clk 00:27:20]} {[%emt 00:03:50]} 35. Nxc2 {[%clk 00:13:00]} {[%emt
00:00:19]} Rxc2 {[%clk 00:27:48]} {[%emt 00:00:02]} 36. Nd6 {[%clk 00:13:10]}
{[%emt 00:00:20]} b6 {[%clk 00:27:59]} {[%emt 00:00:19]} 37. Kd1 {[%clk
00:13:19]} {[%emt 00:00:21]} Rxh2 {[%clk 00:27:21]} {[%emt 00:01:09]} 38. Nc4
{[%clk 00:13:06]} {[%emt 00:00:42]} b5 {[%clk 00:27:13]} {[%emt 00:00:38]} 0-1

[Event "DVM U16w 2023"]
[Site "Magdeburg GER"]
[Date "2023.12.27"]
[Round "2"]
[White "Muhina, Alina"]
[Black "Einacker, Anika"]
[Result "1-0"]
[Termination "normal"]
[Board "3.4"]
[WhiteElo "1210"]
[BlackElo "1211"]
[WhiteClock "00:05:55"]
[BlackClock "00:12:44"]
[WhiteTeam "SC Garching 1980"]
[BlackTeam "Hamburger SK 1830"]
[PlyCount "75"]
[WhiteFideId "16298322"]
[BlackFideId "34620591"]
[EventCountry "GER"]
[EventRounds "7"]
[EventType "team-swiss"]
[EventDate "2023.12.26"]

1. e4 {[%clk 01:30:59]} {[%emt 00:00:01]} c5 {[%clk 01:30:54]} {[%emt
00:00:06]} 2. Nc3 {[%clk 01:31:24]} {[%emt 00:00:05]} e6 {[%clk 01:31:16]}
{[%emt 00:00:08]} 3. f4 {[%clk 01:31:40]} {[%emt 00:00:14]} d5 {[%clk
01:28:04]} {[%emt 00:03:42]} 4. Bb5+ {[%clk 01:28:43]} {[%emt 00:03:26]} Nc6
{[%clk 01:28:18]} {[%emt 00:00:17]} 5. d3 {[%clk 01:27:56]} {[%emt 00:01:16]}
Nge7 {[%clk 01:19:17]} {[%emt 00:09:31]} 6. Nf3 {[%clk 01:26:46]} {[%emt
00:01:40]} Ng6 {[%clk 01:19:19]} {[%emt 00:00:28]} 7. O-O {[%clk 01:26:32]}
{[%emt 00:00:44]} a6 {[%clk 01:18:46]} {[%emt 00:01:03]} 8. Bxc6+ {[%clk
01:25:53]} {[%emt 00:01:09]} bxc6 {[%clk 01:19:07]} {[%emt 00:00:10]} 9. f5
{[%clk 01:24:15]} {[%emt 00:02:08]} exf5 {[%clk 01:15:43]} {[%emt 00:03:54]}
10. exf5 {[%clk 01:24:12]} {[%emt 00:00:32]} Bxf5 {[%clk 01:15:19]} {[%emt
00:00:55]} 11. Qe2+ {[%clk 01:17:47]} {[%emt 00:06:55]} Be7 {[%clk 01:12:05]}
{[%emt 00:03:44]} 12. Ng5 {[%clk 01:15:25]} {[%emt 00:02:51]} Qd7 {[%clk
01:10:26]} {[%emt 00:02:09]} 13. Qf2 {[%clk 01:11:39]} {[%emt 00:04:16]} Bxg5
{[%clk 01:09:07]} {[%emt 00:01:49]} 14. Bxg5 {[%clk 01:11:43]} {[%emt
00:00:27]} Be6 {[%clk 01:08:33]} {[%emt 00:01:03]} 15. Qxc5 {[%clk 01:10:45]}
{[%emt 00:01:28]} Qa7 {[%clk 01:05:43]} {[%emt 00:03:20]} 16. Qxa7 {[%clk
01:10:18]} {[%emt 00:00:58]} Rxa7 {[%clk 01:06:03]} {[%emt 00:00:09]} 17. Be3
{[%clk 01:07:17]} {[%emt 00:03:31]} Rb7 {[%clk 01:05:48]} {[%emt 00:00:45]} 18.
Bd4 {[%clk 01:04:17]} {[%emt 00:03:31]} O-O {[%clk 01:04:53]} {[%emt 00:01:25]}
19. Na4 {[%clk 00:58:18]} {[%emt 00:06:28]} Rb5 {[%clk 00:56:38]} {[%emt
00:08:43]} 20. Nc5 {[%clk 00:57:06]} {[%emt 00:01:45]} a5 {[%clk 00:55:16]}
{[%emt 00:01:52]} 21. Rae1 {[%clk 00:56:39]} {[%emt 00:00:57]} Re8 {[%clk
00:49:18]} {[%emt 00:06:28]} 22. Na6 {[%clk 00:55:31]} {[%emt 00:01:37]} Re7
{[%clk 00:45:00]} {[%emt 00:04:48]} 23. a4 {[%clk 00:46:00]} {[%emt 00:10:02]}
Rbb7 {[%clk 00:44:19]} {[%emt 00:01:10]} 24. Bc5 {[%clk 00:44:11]} {[%emt
00:02:19]} Re8 {[%clk 00:43:27]} {[%emt 00:01:22]} 25. b4 {[%clk 00:41:26]}
{[%emt 00:03:16]} Ra8 {[%clk 00:42:44]} {[%emt 00:01:12]} 26. b5 {[%clk
00:39:22]} {[%emt 00:02:34]} cxb5 {[%clk 00:42:02]} {[%emt 00:01:12]} 27. axb5
{[%clk 00:39:45]} {[%emt 00:00:06]} Rc8 {[%clk 00:40:41]} {[%emt 00:01:51]} 28.
b6 {[%clk 00:33:08]} {[%emt 00:07:09]} Nf8 {[%clk 00:35:47]} {[%emt 00:05:24]}
29. d4 {[%clk 00:26:50]} {[%emt 00:06:47]} Nd7 {[%clk 00:35:19]} {[%emt
00:00:57]} 30. Nc7 {[%clk 00:24:52]} {[%emt 00:02:29]} Nxb6 {[%clk 00:19:23]}
{[%emt 00:16:26]} 31. Nxe6 {[%clk 00:23:40]} {[%emt 00:01:43]} fxe6 {[%clk
00:19:41]} {[%emt 00:00:11]} 32. Rxe6 {[%clk 00:22:34]} {[%emt 00:01:35]} Nc4
{[%clk 00:15:40]} {[%emt 00:04:13]} 33. Rfe1 {[%clk 00:18:21]} {[%emt
00:04:43]} Rb2 {[%clk 00:12:35]} {[%emt 00:03:35]} 34. Re8+ {[%clk 00:10:52]}
{[%emt 00:08:00]} Rxe8 {[%clk 00:12:50]} {[%emt 00:00:14]} 35. Rxe8+ {[%clk
00:11:05]} {[%emt 00:00:17]} Kf7 {[%clk 00:13:09]} {[%emt 00:00:10]} 36. Ra8
{[%clk 00:09:14]} {[%emt 00:02:22]} Rxc2 {[%clk 00:12:52]} {[%emt 00:00:47]}
37. Ra7+ {[%clk 00:08:23]} {[%emt 00:01:22]} Kf6 {[%clk 00:12:44]} {[%emt
00:00:34]} 38. g4 {[%clk 00:05:55]} {[%emt 00:03:01]} *